<?xml version="1.0" encoding="UTF-8"?>
<marc:record xmlns:marc="http://www.loc.gov/MARC21/slim">
   <marc:leader>00000nam a2200000 a 4500</marc:leader>
   <marc:datafield ind1="1" ind2=" " tag="100">
      <marc:subfield code="a">Scrivan, Maria</marc:subfield>
      <marc:subfield code="4">aut</marc:subfield>
      <marc:subfield code="e">Verfasser/-in</marc:subfield>
   </marc:datafield>
   <marc:datafield ind1="0" ind2="0" tag="245">
      <marc:subfield code="a">Besser nICHt</marc:subfield>
   </marc:datafield>
   <marc:datafield ind1=" " ind2="1" tag="264">
      <marc:subfield code="a">Bindlach</marc:subfield>
      <marc:subfield code="b">Loewe</marc:subfield>
      <marc:subfield code="c">2024</marc:subfield>
   </marc:datafield>
   <marc:datafield ind1="1" ind2=" " tag="490">
      <marc:subfield code="a">nICHt genug</marc:subfield>
      <marc:subfield code="v">3</marc:subfield>
   </marc:datafield>
   <marc:datafield ind1="1" ind2=" " tag="520">
      <marc:subfield code="a">Sommer, Sonne, Feriencamp!#Sommer, Sonne, Feriencamp! Drei Wochen mit den besten Freundinnen, das kann nur gut werden! Oder? Während alle anderen es kaum erwarten können, ist Natalie vor allem eines: ziemlich nervös. Denn weg von zu Hause war sie bisher noch nie. Und was sie im Camp erwartet, weiß Natalie auch nicht genau: Insekten? Spukgeschichten? Oder vielleicht sogar ein Ungeheuer im trüben See?! Als sie sich nicht einmal mit ihren Freundinnen eine Hütte teilen darf, muss Natalie sich entscheiden: Ist sie mutig genug, sich ihren Ängsten zu stellen?#Maria Scrivan thematisiert ein wichtiges Thema: die eigenen Ängste. Feinfühlig zeigt sie auf, welchen Einfluss sie auf unser Handeln nehmen, wie wir sie akzeptieren und so auch überwinden können. Denn mutig ist, wer sich trotzdem traut!</marc:subfield>
   </marc:datafield>
   <marc:datafield ind1=" " ind2=" " tag="020">
      <marc:subfield code="a">9783743216716</marc:subfield>
      <marc:subfield code="9">9783743216716</marc:subfield>
   </marc:datafield>
   <marc:datafield ind1=" " ind2=" " tag="041">
      <marc:subfield code="a">ger</marc:subfield>
   </marc:datafield>
   <marc:datafield ind1=" " ind2=" " tag="300">
      <marc:subfield code="a">239 Seiten</marc:subfield>
   </marc:datafield>
</marc:record>
